Statistiken für Meistbesuchten Länder nach Päpsten

Klicken Sie hier um das Quiz zu spielen!

Allgemein

  • Dieses Quiz wurde 132 mal gespielt
  • Das Durchschnittsergebnis liegt bei 14 aus 20

Antwortstatistiken

# BesucheLand% Korrekt
6Deutschland
99%
11Polen
98%
7Spanien
98%
11Vereinigte Staaten
98%
9Frankreich
94%
6Brasilien
93%
4Österreich
93%
5Schweiz
92%
7Portugal
89%
7Mexiko
86%
4Australien
70%
4Tschechien
68%
4Kroatien
60%
4Israel
58%
4Türkei
50%
4Philippinen
48%
4Kuba
30%
4Malta
28%
4Kenia
20%
4Jordanien
13%

Verteilung der Resultate

Perzentil nach korrekt beantworteten Fragen

Anzahl Personen mit jedem Resultat

Ihre Resultats-Entwicklung

Sie haben dieses Quiz noch nicht gespielt